Najczęściej używane języki w Kanadzie - Statystyki

Ogólne statystyki
  • Ten quiz został rozwiązany 28 razy
  • Średni wynik to 12 z 27
Statystyki odpowiedzi
Pozycja Populacja Język % Poprawnych
urzędowy 19,4 mln angielski
100%
urzędowy 7,1 mln francuski
100%
imigrancki 458 tys. hiszpański
96%
imigrancki 181 tys. polski
96%
imigrancki 384 tys. niemiecki
88%
imigrancki 221 tys. portugalski
77%
imigrancki 188 tys. rosyjski
77%
imigrancki 375 tys. włoski
73%
imigrancki 102 tys. ukraiński
65%
imigrancki 419 tys. arabski
62%
imigrancki 110 tys. hindi
46%
imigrancki 106 tys. grecki
42%
imigrancki 153 tys. koreański
38%
imigrancki 592 tys. mandaryński
38%
imigrancki 214 tys. perski
23%
imigrancki 156 tys. wietnamski
23%
rdzenny 10,9 tys. innu
19%
imigrancki 565 tys. kantoński
19%
imigrancki 501 tys. pendżabski
19%
imigrancki 140 tys. tamilski
19%
imigrancki 210 tys. urdu
19%
rdzenny 32,0 tys. inuktitut
8%
imigrancki 431 tys. tagalog
8%
imigrancki 108 tys. gudźarati
4%
rdzenny 9,7 tys. chipewyan
0%
rdzenny 78,8 tys. kri
0%
rdzenny 11,1 tys. odżibwe
0%
Nie znaleziono quizów pasujących do podanych kryteriów
Rozkład punktacji
Procent ludzi z każdym wynikiem
Percentyl według liczby udzielonych odpowiedzi
Twoja historia wyników
Nie rozwiązałeś tego quizu